Manual de Organizacion y Manual de Procedimientos del Departamento de Recursos Humanos de la Empresa Refrigeracion de Morelos S.A. de C.V. / Israel Domingo Cuevas Hernandez (Registro nro. 19852)

Detalles MARC
000 -LÍDER
fixed length control field 00740nam a2200133 4500
008 - ELEMENTOS DE LONGITUD FIJA -- INFORMACIÓN GENERAL
fixed length control field 02006 2006 0i n 000 0MEX
050 ## - SIGNATURA TOPOGRAFICA DE LA BIBLIOTECA DEL CONGRESO (LC)
Número de Clasificación HD30.4 MR5 C8 2006
082 ## - NUMERO DE CLASIFICACION DECIMAL DEWEY
Número de Clasificación 658.311 C8m
100 ## - ASIENTO PRINCIPAL--NOMBRE PERSONAL
Nombre personal Cuevas Hernandez, Israel Domingo
245 ## - TÍTULO
Título Manual de Organizacion y Manual de Procedimientos del Departamento de Recursos Humanos de la Empresa Refrigeracion de Morelos S.A. de C.V. / Israel Domingo Cuevas Hernandez
300 ## - DESCRIPCIÓN FÍSICA
Extensión 89 p. / 30 cm.
502 ## - NOTA DE TESIS
Nota de tesis Manual de Organizacion y Manual de Procedimientos del Departamento de Recursos Humanos de la Empresa Refrigeracion de Morelos S.A. de C.V. I.T.Z. (Lic. Administracion) M.A.R.H Ma. del Rocio Ramirez Miranda
650 ## - ASIENTO SECUNDARIO DE MATERIA - TERMINO TEMÁTICO
Término temático o nombre geográfico como elemento de entrada 1. MANUAL DE ORGANIZACION 2. MANUAL DE PROCEDIMIENTOS
Existencias
No. biblioteca No. biblioteca Número de clasificación Código de barras/Número de adquisición Número de copia Tipo de material
LUIS G. INCLAN LUIS G. INCLAN 658.311 C8m LA299-2006 1 Libros
Calzada Tecnológico # 27, Zacatepec, Morelos.
01(734) 343-07-23 / 343-21-10 / 343-21-11
Apdo. Postal 45 C.P 62780